Mammalian preimplantation development /

This volume covers mammalian preimplantation development, and includes contributions from an international board of authors. The chapters provide a comprehensive set of reviews covering such topics as cell proliferation, cell differentiation, and biological significance.

Bibliographic Details
Corporate Author: ScienceDirect (Online service)
Other Authors: DePamphilis, Melvin L. (Editor)
Format: eBook
Language:English
Language Notes:Text in English.
Published: Cambridge, MA : Academic Press is an imprint of Elsevier, 2016.
Series:Current topics in developmental biology ; v. 120.
Subjects:
Online Access:Connect to the full text of this electronic book

MARC

Tag First Indicator Second Indicator Subfields
LEADER 00000cam a2200000 i 4500
001 in00005760721
005 20260327150636.1
006 m o d
007 cr |n|---a|cuu
008 160802s2016 mauaf o 001 0 eng d
040 |a YDXCP  |b eng  |e rda  |e pn  |c YDXCP  |d IDEBK  |d OPELS  |d OCLCF  |d N$T  |d OCLCQ  |d EBLCP  |d CUS  |d MEU  |d D6H  |d UPM  |d ESU  |d OCLCQ  |d OCLCO  |d OCLCQ  |d OCLCO  |d OCLCL  |d OCLCQ  |d OHS  |d OCLCL  |d GZM 
019 |a 956276623  |a 1029489941  |a 1039519502 
020 |a 9780128016176  |q (electronic bk.) 
020 |a 0128016175  |q (electronic bk.) 
020 |z 9780128014288 
020 |z 0128014288 
035 |a (OCoLC)954541163  |z (OCoLC)956276623  |z (OCoLC)1029489941  |z (OCoLC)1039519502 
050 4 |a QL959  |b .M36 2016eb 
072 7 |a SCI  |x 056000  |2 bisacsh 
082 0 4 |a 571.8/76385  |2 23 
049 |a TXAM 
245 0 0 |a Mammalian preimplantation development /  |c edited by Melvin L. DePamphilis. 
264 1 |a Cambridge, MA :  |b Academic Press is an imprint of Elsevier,  |c 2016. 
300 |a 1 online resource (xxi, 455 pages, 32 unnumbered pages of plates) :  |b illustrations (chiefly color). 
336 |a text  |b txt  |2 rdacontent 
337 |a computer  |b c  |2 rdamedia 
338 |a online resource  |b cr  |2 rdacarrier 
490 1 |a Current topics in developmental biology,  |x 1557-8933 ;  |v volume 120 
546 |a Text in English. 
500 |a Includes index. 
588 0 |a Online resource; title from PDF title page (ScienceDirect, viewed August 8, 2016). 
505 0 |a Front Cover; Mammalian Preimplantation Development; Copyright; Contents; Contributors; Preface; 1. The Foundation of Mammalian Development; 2. The Unique Goals of Preimplantation Development; 3. The Events in Preimplantation and Peri-Implantation Development; 4. Recent Advances; 5. The Future of Preimplantation Development; 5.1. Genetic Diagnosis; 5.2. Genetic Intervention; 6. Cancer Stem Cells; References; Chapter One: Regulation of the Embryonic Cell Cycle During Mammalian Preimplantation Development; 1. Introduction; 1.1. The Somatic Cell Cycle; 2. The Preimplantation Cell Cycle. 
505 8 |a 2.1. Preparation for the First Cell Cycle2.2. Initial Embryonic Cell Cycles; 2.3. Maternal-Zygotic Transition, Genome Activation, and Epigenetic Reprogramming; 2.4. Blastocyst Formation and Compaction; 2.5. Late Preimplantation; 3. Regulation of the Preimplantation Cell Cycle; 3.1. Cdks and Cyclins; 3.2. Cellular Regulation of Cdk/Cyclin Complexes; 4. Mouse Models of Cell Cycle Regulators as Developmental Tools; 4.1. Cell Cycle-Related Cdk/Cyclin Complexes; 4.1.1. Cdk4/Cdk6; 4.1.2. D-Type Cyclins; 4.1.3. Cdk2; 4.1.4. The E-Type Cyclins; 4.1.5. The A-Type Cyclins; 4.1.6. Cdk1. 
505 8 |a 4.1.7. B-Type Cyclins4.1.8. Summary of Cell Cycle-Driving Cdks/Cyclins; 4.1.9. Cdk-Activating Kinase; 4.2. The Retinoblastoma and Related Pocket Proteins; 4.3. The E2F Family as a Downstream Target of Cdk/Cyclin Complexes; 4.4. Cdk3/Cyclin C; 4.5. Cdks and Transcription; 4.5.1. Cdk7/Cyclin H and Cdk9/Cyclin T; 4.5.2. Cdk8/Cyclin C; 5. DNA Damage and Checkpoint Signaling in the Preimplantation Embryo; 5.1. G1/S Checkpoint; 5.1.1. Embryonic Dependence on Cell Cycle Checkpoint Proteins; 5.1.2. ATR; 5.1.3. ATM; 5.1.4. Chk1/2; 5.2. Effectors of the G2/M Checkpoint; 5.2.1. The Cdc25 Phosphatases. 
505 8 |a 5.2.2. Wee1/Myt1 Kinases5.2.3. Polo-Like Kinase 1; 5.3. The Spindle Assembly Checkpoint; 5.3.1. Emi1; 6. Concluding Remarks; References; Chapter Two: Genome Duplication at the Beginning of Mammalian Development; 1. Basic Concepts; 1.1. Genome Duplication Is a Problem of Astronomical Proportions; 1.2. All Living Organisms Use the Replication Fork Paradigm; 1.3. Nuclear DNA Replication Begins in the Zygote; 1.4. The Same Replication Machinery Is Used from Zygote to Adult; 1.5. Not All Replication Origins Are Replicators; 2. Replication Origins Are Established in Two Steps. 
505 8 |a 2.1. Prereplication Complex Assembly (Origin Licensing)2.2. Preinitiation Complex Assembly (Origin Activation); 3. The First Mitotic Cell Division Is Universal; 4. The Second Cell Division Distinguishes Mammals from Nonmammals; 4.1. Cell Cleavage Gives Way to Cell Growth; 4.2. Cell Cycle Checkpoints Are Acquired at Different Stages in Development; 4.3. DNA Methylation Patterns Inherited from Gametes Are Erased; 4.4. Activation of ZGE Does Not Depend on DNA Replication; 5. Replication Origins Are Developmentally Regulated; 5.1. The "Jesuit Model" for Origin Selection. 
520 8 |a This volume covers mammalian preimplantation development, and includes contributions from an international board of authors. The chapters provide a comprehensive set of reviews covering such topics as cell proliferation, cell differentiation, and biological significance.  |b Mammalian Preimplantation Development, the latest volume in the Current Topics in Developmental Biology series covers mammalian preimplantation development, and includes contributions from an international board of authors. The book's chapters provide a comprehensive set of reviews covering such topics as cell proliferation, cell differentiation, and biological significance. 
650 0 |a Mammals  |x Development. 
650 0 |a Mammals  |x Growth. 
650 0 |a Mammals  |x Reproduction. 
650 6 |a Mammifères  |x Développement. 
650 6 |a Mammifères  |x Croissance. 
650 6 |a Mammifères  |x Reproduction. 
650 7 |a SCIENCE / Life Sciences / Anatomy & Physiology  |2 bisacsh 
650 7 |a Mammals  |x Development  |2 fast 
650 7 |a Mammals  |x Growth  |2 fast 
650 7 |a Mammals  |x Reproduction  |2 fast 
655 7 |a Electronic books.  |2 local 
700 1 |a DePamphilis, Melvin L.,  |e editor.  |1 https://id.oclc.org/worldcat/entity/E39PCjM8wDKq9XXbKJmk3XyFfC 
710 2 |a ScienceDirect (Online service) 
758 |i has work:  |a Mammalian Preimplantation Development (Text)  |1 https://id.oclc.org/worldcat/entity/E39PCFH9XDmvRRh77tYDBhQVVK  |4 https://id.oclc.org/worldcat/ontology/hasWork 
776 0 8 |i Print version:  |t Mammalian preimplantation development.  |b First edition.  |d Amsterdam : Elsevier/Academic Press, 2016  |z 9780128014288  |w (OCoLC)950449885 
830 0 |a Current topics in developmental biology ;  |v v. 120.  |x 1557-8933 
856 4 0 |u http://proxy.library.tamu.edu/login?url=https://www.sciencedirect.com/science/bookseries/00702153/120  |z Connect to the full text of this electronic book  |t 0 
955 |a Elsevier ScienceDirect 2026-2027 
994 |a 92  |b TXA 
999 f f |i 5dfd18d5-a3b5-4ae8-8923-d2bb0ba54627  |s ca0a4152-e210-46ca-b596-cbe76e37647b  |t 0 
952 f f |a Texas A&M University  |b College Station  |c Electronic Resources  |s www_evans  |d Available Online  |t 0  |e QL959 .M36 2016eb  |h Library of Congress classification 
998 f f |a QL959 .M36 2016eb  |t 0  |l Available Online